| 000 | 00578nam a22001577a 4500 | ||
|---|---|---|---|
| 008 | 100726s1968 xxu||||| |||| 00| 0 ara d | ||
| 082 |
_222 _a001.42 _bب د و |
||
| 245 |
_aمناهج البحث العلمى / _cعبد الرحمن بدوى |
||
| 260 |
_aالقاهرة : _bدار النهضة العربية ، _c1968. |
||
| 300 |
_a231 ص ؛ _c24 سم. |
||
| 504 | _aيحتوى على إرجاعات ببليوجرافية | ||
| 541 |
_aألف باء ؛ _cشراء ؛ |
||
| 650 |
_916821 _aمناهج البحث |
||
| 650 |
_916823 _aالاستدلال |
||
| 942 |
_2ddc _cBB |
||
| 999 |
_c14555 _d14555 |
||